Get organized without losing it / (Record no. 4155)

MARC details
000 -LEADER
fixed length control field 01478cam a22003734a 4500
001 - CONTROL NUMBER
control field 4155
003 - CONTROL NUMBER IDENTIFIER
control field FISKH
005 - DATE AND TIME OF LATEST TRANSACTION
control field 20250805161220.0
008 - FIXED-LENGTH DATA ELEMENTS--GENERAL INFORMATION
fixed length control field 051115s2006 mnua bf 001 0 eng
010 ## - LIBRARY OF CONGRESS CONTROL NUMBER
LC control number 2005032809
020 ## - INTERNATIONAL STANDARD BOOK NUMBER
International Standard Book Number 1575421933
020 ## - INTERNATIONAL STANDARD BOOK NUMBER
International Standard Book Number 9781575421933
035 ## - SYSTEM CONTROL NUMBER
System control number (OCoLC)ocm62324696
040 ## - CATALOGING SOURCE
Original cataloging agency DLC
Transcribing agency DLC
Modifying agency IOS
-- BAKER
-- C#P
-- DLC
Language of cataloging eng
042 ## - AUTHENTICATION CODE
Authentication code pcc
050 00 - LIBRARY OF CONGRESS CALL NUMBER
Classification number LB1049.F6
082 ## - DEWEY DECIMAL CLASSIFICATION NUMBER
Classification number 371.3
100 1# - MAIN ENTRY--PERSONAL NAME
Personal name Fox, Janet S.
245 10 - TITLE STATEMENT
Title Get organized without losing it /
Statement of responsibility, etc. by Janet S. Fox ; edited by Pamela Espeland.
260 ## - PUBLICATION, DISTRIBUTION, ETC.
Place of publication, distribution, etc. Minneapolis :
Name of publisher, distributor, etc. Free Spirit Publishing,
Date of publication, distribution, etc. 2006.
300 ## - PHYSICAL DESCRIPTION
Extent 105 pages :
Other physical details color illustrations ;
Dimensions 18 cm
490 ## - SERIES STATEMENT
Series statement Laugh & learn
505 ## - FORMATTED CONTENTS NOTE
Formatted contents note R<br/>
520 ## - SUMMARY, ETC.
Summary, etc. "In the quest for school success--not to mention a happy home life--kids have a lot to juggle: schoolwork, friends, activities, chores, bedrooms, electronics, lockers, and desks. Get Organized Without Losing It provides friendly, entertaining help for kids who want to manage their tasks, time, and stuff--without going overboard or being totally obsessed."
521 8# - TARGET AUDIENCE NOTE
Target audience note 770<br/>
Source Lexile <br/>
521 8# - TARGET AUDIENCE NOTE
Target audience note R<br/>
Source Raz-Plus <br/>
650 #0 - SUBJECT ADDED ENTRY--TOPICAL TERM
Topical term or geographic name entry element Study skills
Form subdivision Handbooks, manuals, etc.
650 #0 - SUBJECT ADDED ENTRY--TOPICAL TERM
Topical term or geographic name entry element Students
General subdivision Time management
Form subdivision Handbooks, manuals, etc.
650 #0 - SUBJECT ADDED ENTRY--TOPICAL TERM
Topical term or geographic name entry element Students
Form subdivision Life skills guides.
700 1# - ADDED ENTRY--PERSONAL NAME
Personal name Espeland, Pamela,
Dates associated with a name 1951-
Relator term Editor
906 ## - LOCAL DATA ELEMENT F, LDF (RLIN)
a 7
b cbc
c orignew
d 1
e ecip
f 20
g y-gencatlg
942 ## - ADDED ENTRY ELEMENTS (KOHA)
Source of classification or shelving scheme Dewey Decimal Classification
Koha item type Books
Suppress in OPAC No
Holdings
Withdrawn status Lost status Source of classification or shelving scheme Damaged status Not for loan Collection Home library Current library Shelving location Date acquired Total Checkouts Full call number Barcode Date due Date last seen Date last checked out Price effective from Koha item type Copy number
    Dewey Decimal Classification     Non-Fiction Footprints International School Library Network Toul Kork Campus Footprints International School Library Network Toul Kork Campus TK Primary Library Room(4th Floor), Bookcase 5&6, Shelves 33-56, Orange Books 06/24/2024 1 FOX 371.3 LB1049.F6 FISTK00344 12/23/2025 12/09/2025 12/09/2025 06/24/2024 Books  
    Dewey Decimal Classification     Non-Fiction Footprints International School Library Network Toul Tom Poung Campus Footprints International School Library Network Toul Tom Poung Campus TTP Primary Orange Bookshelves 08/05/2025   FOX 371.3 LB1049.F6 FIS03250   08/05/2025   08/05/2025 Books 2